000 00318nam a2200133Ia 4500
008 240624s9999 xx 000 0 und d
041 _aeng
082 _a658.4 ILM
100 _aI L M
245 _aCOMMITMENT TO EQUALITY
260 _c2007
_aManagement,2007
300 _aviii, : 118 : p. : cm. ; 29
365 _c
_b30
999 _c16293
_d16293